000
00251nam a22001097a 4500
082
_a
621.388 NIA'T
100
_a
NIAZ, MUHAMMAD
_9
75095
245
_a
TELEVISION GUIDE WITH PICTURES
260
_a
LAHORE
_b
JAHANGIR
_c
1979
300
_a
448P
942
_c
BK
999
_c
580583
_d
580583